000 00815nam a2200241 a 4500
008 951213s1983||||[C 0 slo c
020 _c17 Kčs.
_q(5000 výtl.)
040 _aSNK
_bslo
_cSNK
_eAACR2
041 1 _aslo
_hger
044 _axo
_cSK
080 _a830-3
100 1 _aMechtel, Angelika
_4aut
245 1 0 _aDruhá polovica sveta alebo Rozhovory pri raňajkách s Paulou
_cAngelika Mechtel ; Jozef Bžoch, Mária Pollaczyková, Dušan Polakovič
250 _a1., vyd.
260 _aBratislava
_bSlovenský spisovateľ
_c1983
_eBratislava
_fPravda
300 _a180 s., 8,54 AH
_c21 cm
490 0 _aTvorba národov
500 _aIlustr. na predsádke. Brož. 11,80 Kčs.
700 1 _aBžoch, Jozef
_4trl
700 1 _aPollaczyková, Mária
_4bkd
700 1 _aPolakovič, Dušan
_4bkd
958 _aA
999 _c12335
_d12335